000 00751nam a2200241 a 4500
001 BRCA_4429
005 20190320204652.0
008 200810s1955----enka######---#000-0#eng-#
041 _aeng
044 _aenk
050 4 _aN8670
_b.A78 3 1955
245 1 0 _aArt-Price Annual
_b1954-1955 : volume X.
260 _aLondres
_bArt & Technology
_c1955
300 _a432 p. (v.10)
_bil.
_c21 cm.
500 _aIncluye abreviaturas de los autores de la obra, listas y bibliografía
500 _aNueva serie: 1 julio, 1954 - 30 junio, 1955
500 _aEstado físico: carece de camisa
500 _aVer también AM44 (v.17), DD30 (v.15) y X87 (v.14)
500 _aU74
650 1 4 _aArte
_vPrecios
_zLondres
_910910
902 _aGFM
942 _2lcc
_cB
999 _c4138
_d4138